000 00426nam a2200157Ia 4500
008 240729s9999 xx 000 0 und d
022 _a1179-9927
245 0 _aPediatric Health, Medicine and Therapeutics
260 _aUnited Kingdom
260 _bDove Medical Press
650 _a Pediatrics
650 _aMedicine
856 _uhttps://doaj.org/toc/d137401219944de19669dd2570d43f6f
942 _2ddc
942 _cDOAJEJ
999 _c73633
_d73633
945 _a1
_bMadushi Gamage
_c1
_dMadushi Gamage